| 000 | 00700cam a2200181 4500 | ||
|---|---|---|---|
| 001 | WB3934-25 | ||
| 008 | 030911n2003 000 0 eng u | ||
| 035 | _a(Sirsi) u123571 | ||
| 245 | _aPopularity of ESA schemes | ||
| 260 | _c2003 | ||
| 490 |
_aFarmers' Weekly _v139(10) 5 September 2003, 12 (1) |
||
| 520 | _aEnvironmentally Sensitive Area (ESA) schemes are proving popular with farmers. DEFRA figures indicate a 70% increase in agreements on land containing premium habitats. Overall the amount of land covered has risento 600 000ha. | ||
| 590 | _aWB | ||
| 650 | _aENVIRONMENTALLY SENSITIVE AREAS | ||
| 650 | _aNATURE CONSERVATION | ||
| 690 | _aRURAL-NATURE CONSERVATION | ||
| 942 | _n0 | ||
| 999 |
_c73395 _d73395 |
||